| 000 | 00489nam a2200181Ia 4500 | ||
|---|---|---|---|
| 001 | 4387 | ||
| 005 | 20260306145752.0 | ||
| 008 | 260306t1879||||xx |||||||||||||| ||spa|| | ||
| 041 | _aESP | ||
| 082 |
_a320.98506 _bE92 |
||
| 100 |
_aAtanasio Fuentes, Manuel _eAUT |
||
| 245 | 0 | _aEstadística del estado del Perú en 1878 á 1879 publicada por la dirección del ramo | |
| 260 | _c1879 | ||
| 300 |
_a888 páginas : _c25 cm. |
||
| 650 | _aGEN | ||
| 654 | _aCDE | ||
| 942 |
_cLIB _dJUS _fJUS _2ddc _n |
||
| 999 |
_c4387 _d4387 |
||